[Event "XtraCon-Skakligaen"]
[Site "Denmark"]
[Date "2010.11.06"]
[Round "1.1"]
[White "Hector, Jonny"]
[Black "Matthiesen, Arne"]
[Result "1-0"]
[WhiteElo "2576"]
[BlackElo "2315"]
[PlyCount "139"]
[EventDate "2010.11.06"]
[EventType "team-tourn"]
[EventRounds "9"]
[WhiteTeam "Nordkalotten"]
[BlackTeam "SK1968"]
[WhiteTeamCountry "DEN"]
[BlackTeamCountry "DEN"]

1. e4 e6 2. d4 d5 3. Nc3 Nf6 4. Bg5 Be7 5. e5 Nfd7 6. h4 O-O 7. Qg4 f6 8. Qxe6+
Kh8 9. Qxd5 fxg5 10. hxg5 Bxg5 11. Bd3 Bh6 12. g4 Qg5 13. Nge2 Qxg4 14. f4 Nb6
15. Qc5 Rf7 16. d5 Na6 17. Qd4 Bf5 18. e6 Rf6 19. Bxa6 bxa6 20. O-O-O Rg8 21.
Qe5 Nxd5 22. Rxd5 Bxe6 23. Rd4 c5 24. Re4 Bf5 25. Rg1 Qf3 26. Re3 Qf2 27. Nd1
Qh2 28. Rf1 Bg4 29. Ndc3 Qh5 30. Qxh5 Bxh5 31. Nd5 Rff8 32. Ng3 Bg4 33. c4 g5
34. f5 Bh3 35. Rfe1 g4 36. Kc2 Bxe3 37. Rxe3 Bg2 38. Nf4 Bf3 39. Re7 Rd8 40.
Rxa7 Rd4 41. Ne6 Be4+ 42. Kc1 Rxc4+ 43. Kd2 Re8 44. Rxa6 Bd5 45. b3 Bxe6 46.
bxc4 Bxc4 47. Ra7 Bd5 48. a4 Re5 49. Ra6 Kg8 50. Rd6 Kf7 51. a5 Bf3 52. Rh6 Kg7
53. Rb6 Kf7 54. a6 c4 55. Kc3 Rc5 56. Rh6 Kg7 57. Rd6 Kf7 58. Rd7+ Kf6 59. Rxh7
Ke5 60. a7 Rc8 61. Rf7 Kf4 62. Nh5+ Kg5 63. Ng7 g3 64. Ne6+ Kg4 65. Rg7+ Kh4
66. f6 g2 67. Nf4 Ra8 68. f7 Be4 69. Nxg2+ Kh5 70. Rg8 1-0

[Event "XtraCon-Skakligaen"]
[Site "Denmark"]
[Date "2010.11.06"]
[Round "1.2"]
[White "Matthiesen, Martin"]
[Black "Brynell, Stellan"]
[Result "1/2-1/2"]
[WhiteElo "2271"]
[BlackElo "2492"]
[PlyCount "42"]
[EventDate "2010.11.06"]
[EventType "team-tourn"]
[EventRounds "9"]
[WhiteTeam "SK1968"]
[BlackTeam "Nordkalotten"]
[WhiteTeamCountry "DEN"]
[BlackTeamCountry "DEN"]

1. d4 e6 2. c4 Nf6 3. Nf3 b6 4. g3 Bb7 5. Bg2 Be7 6. O-O O-O 7. Nc3 Na6 8. Bg5
h6 9. Bxf6 Bxf6 10. e4 d6 11. Qe2 e5 12. d5 Bc8 13. Ne1 g6 14. Nd3 Nc5 15. Nxc5
bxc5 16. a3 a5 17. b4 axb4 18. axb4 Rxa1 19. Rxa1 cxb4 20. Nb5 Bd7 21. Qb2 Qb8
1/2-1/2

[Event "XtraCon-Skakligaen"]
[Site "Denmark"]
[Date "2010.11.06"]
[Round "1.3"]
[White "Pedersen, Daniel V"]
[Black "Hansen, Lars"]
[Result "1/2-1/2"]
[WhiteElo "2296"]
[BlackElo "2252"]
[PlyCount "47"]
[EventDate "2010.11.06"]
[EventType "team-tourn"]
[EventRounds "9"]
[WhiteTeam "Nordkalotten"]
[BlackTeam "SK1968"]
[WhiteTeamCountry "DEN"]
[BlackTeamCountry "DEN"]

1. e4 g6 2. d4 Bg7 3. Nc3 c6 4. f4 d5 5. e5 Nh6 6. Nf3 f6 7. Be3 O-O 8. h3 Qb6
9. Na4 Qa5+ 10. c3 Nd7 11. b4 Qc7 12. Bd3 a5 13. Nc5 Qb6 14. Ne6 Nxe5 15. Nxf8
Nxd3+ 16. Qxd3 Kxf8 17. bxa5 Rxa5 18. g4 Qb2 19. O-O Rxa2 20. Rxa2 Qxa2 21. Qd2
Qa3 22. f5 g5 23. Qh2 e6 24. Qc7 1/2-1/2

[Event "XtraCon-Skakligaen"]
[Site "Denmark"]
[Date "2010.11.06"]
[Round "1.5"]
[White "Hove, Esben Kjems"]
[Black "Hansen, Bjarne"]
[Result "1/2-1/2"]
[WhiteElo "2258"]
[BlackElo "2238"]
[PlyCount "82"]
[EventDate "2010.11.06"]
[EventType "team-tourn"]
[EventRounds "9"]
[WhiteTeam "Nordkalotten"]
[BlackTeam "SK1968"]
[WhiteTeamCountry "DEN"]
[BlackTeamCountry "DEN"]

1. d4 Nf6 2. Nf3 c5 3. e3 e6 4. Bd3 Be7 5. O-O O-O 6. c3 d5 7. Ne5 Nbd7 8. f4
Ne4 9. Nd2 Nxd2 10. Bxd2 f5 11. g4 Nxe5 12. fxe5 Qb6 13. gxf5 exf5 14. Qc2 Bg5
15. Kh1 Qh6 16. Rf3 g6 17. Rg1 c4 18. Bf1 f4 19. e4 Be6 20. Bg2 Rad8 21. Be1
dxe4 22. Qxe4 Bd5 23. Qe2 Bxf3 24. Qxc4+ Kh8 25. Bxf3 Bh4 26. Bxh4 Qxh4 27. Qe2
Rf5 28. Bxb7 f3 29. Bxf3 Rdf8 30. e6 Qe7 31. Rg3 Qd6 32. Qe4 Qa6 33. Be2 Qxa2
34. e7 Re8 35. Bg4 Rf1+ 36. Kg2 Qf7 37. Re3 Rf2+ 38. Kh3 h5 39. Bd7 Rxe7 40.
Qxe7 Rf3+ 41. Kg2 Rf2+ 1/2-1/2

[Event "XtraCon-Skakligaen"]
[Site "Denmark"]
[Date "2010.11.06"]
[Round "1.6"]
[White "Sorensen, Kristine Thornvig"]
[Black "Jakobsen, Peter"]
[Result "0-1"]
[WhiteElo "2113"]
[BlackElo "2230"]
[PlyCount "78"]
[EventDate "2010.11.06"]
[EventType "team-tourn"]
[EventRounds "9"]
[WhiteTeam "SK1968"]
[BlackTeam "Nordkalotten"]
[WhiteTeamCountry "DEN"]
[BlackTeamCountry "DEN"]

1. c4 e6 2. Nc3 d5 3. d4 Be7 4. Nf3 Nf6 5. Bg5 h6 6. Bh4 O-O 7. e3 b6 8. Bd3
Bb7 9. cxd5 Nxd5 10. Bxe7 Qxe7 11. Nxd5 Bxd5 12. O-O Nd7 13. Qe2 c5 14. dxc5
Nxc5 15. Bc4 Bb7 16. Rfd1 Rac8 17. Rac1 a6 18. a3 b5 19. Ba2 Rfd8 20. Nd4 Qg5
21. f3 Qe5 22. Rc2 Na4 23. Rcd2 Bd5 24. Bb1 Qf6 25. e4 Bb7 26. Nb3 Qe7 27.
Rxd8+ Rxd8 28. Rxd8+ Qxd8 29. h3 Qf6 30. e5 Qf4 31. Na5 Bd5 32. Qc2 Qe3+ 33.
Kf1 g6 34. Qe2 Qc1+ 35. Qe1 Qxb2 36. Qb4 Qxe5 37. Kg1 Nc3 38. Bc2 Ne2+ 39. Kf2
Nc3 0-1

[Event "XtraCon-Skakligaen"]
[Site "Denmark"]
[Date "2010.11.06"]
[Round "1.1"]
[White "Andreasen, Per Naesby"]
[Black "Teplyi, Igor"]
[Result "1/2-1/2"]
[WhiteElo "2239"]
[BlackElo "2394"]
[PlyCount "100"]
[EventDate "2010.11.06"]
[EventType "team-tourn"]
[EventRounds "9"]
[WhiteTeam "Norresundby"]
[BlackTeam "Nordre"]
[WhiteTeamCountry "DEN"]
[BlackTeamCountry "DEN"]

1. d4 Nf6 2. c4 g6 3. Nc3 d5 4. Nf3 Bg7 5. Bg5 Ne4 6. cxd5 Nxg5 7. Nxg5 e6 8.
Nf3 exd5 9. b4 O-O 10. e3 Be6 11. Be2 Nd7 12. O-O c6 13. Na4 b5 14. Nb2 Nb6 15.
a4 a6 16. axb5 axb5 17. Nd3 Nc4 18. Rxa8 Qxa8 19. Qa1 Re8 20. Qc3 Re7 21. Ra1
Ra7 22. Rxa7 Qxa7 23. Nfe5 Qa2 24. Bf1 Qa8 25. h3 Bf8 26. Nc5 Bf5 27. g4 Bc8
28. Bg2 Nxe5 29. dxe5 Qa2 30. Bf1 Be7 31. e4 Bh4 32. Qe3 Be6 33. Nxe6 fxe6 34.
exd5 cxd5 35. Kg2 Qb2 36. Bxb5 Qxb4 37. Bd3 Qb2 38. Be2 Bd8 39. f4 Bb6 40. Qf3
Qd4 41. h4 Kg7 42. Kh3 Bc5 43. Bd1 Be7 44. Bb3 Kf8 45. h5 Kg7 46. hxg6 hxg6 47.
Bc2 g5 48. f5 Qxe5 49. fxe6 Qxe6 50. Bb3 Qe4 1/2-1/2

[Event "XtraCon-Skakligaen"]
[Site "Denmark"]
[Date "2010.11.06"]
[Round "1.2"]
[White "Veng, Johny"]
[Black "Sorensen, Bent"]
[Result "1/2-1/2"]
[WhiteElo "2297"]
[BlackElo "2282"]
[PlyCount "146"]
[EventDate "2010.11.06"]
[EventType "team-tourn"]
[EventRounds "9"]
[WhiteTeam "Nordre"]
[BlackTeam "Norresundby"]
[WhiteTeamCountry "DEN"]
[BlackTeamCountry "DEN"]

1. d4 d5 2. c4 e6 3. Nf3 Bb4+ 4. Bd2 a5 5. e3 Nf6 6. Nc3 O-O 7. Bd3 c5 8. a3
Bxc3 9. bxc3 dxc4 10. Bxc4 Qc7 11. Qe2 b6 12. e4 Ba6 13. Bxa6 Rxa6 14. O-O h6
15. Rab1 Rd8 16. Rfc1 Ra7 17. e5 Nd5 18. Qe4 Ne7 19. dxc5 bxc5 20. Rb5 Nd7 21.
Rcb1 Nxe5 22. Be3 Nd7 23. c4 Qd6 24. Bf4 Qc6 25. Qe1 Ng6 26. Be3 a4 27. Rd1 Rc8
28. h4 Qe4 29. h5 Qxc4 30. Ra5 Rxa5 31. Qxa5 Ngf8 32. Qa7 Qb5 33. Nd2 c4 34.
Ne4 Qc6 35. Nd6 Rc7 36. Qd4 e5 37. Qh4 c3 38. Nf5 Qf6 39. Qg4 Kh8 40. Rd6 Ne6
41. Nd4 c2 42. Bc1 Ndc5 43. Rb6 Rd7 44. Kh2 Rd5 45. Rb8+ Nd8 46. f4 Nce6 47.
Rc8 Nxf4 48. Nf5 Rd3 49. Rxc2 Qg5 50. Qxg5 hxg5 51. Rc4 Nxh5 52. Bxg5 Ne6 53.
Be7 g6 54. Nd6 Kg7 55. Ne8+ Kh6 56. Nf6 Rd4 57. Ng4+ Kg7 58. Nxe5 Nhf4 59. Rxd4
Nxd4 60. Nd7 Nd5 61. Bd6 Nb5 62. Be5+ f6 63. Bb2 Kf7 64. Kg3 Ne3 65. Nc5 Nc4
66. Nxa4 Nxb2 67. Nxb2 Nxa3 68. Nd3 Nc4 69. Kf4 g5+ 70. Ke4 Kg6 71. g4 Nd6+ 72.
Kd5 Nf7 73. Ke6 Nh6 1/2-1/2

[Event "XtraCon-Skakligaen"]
[Site "Denmark"]
[Date "2010.11.06"]
[Round "1.3"]
[White "Kolbak, Jens"]
[Black "Petersen, Tom Petri"]
[Result "0-1"]
[WhiteElo "2295"]
[BlackElo "2301"]
[PlyCount "134"]
[EventDate "2010.11.06"]
[EventType "team-tourn"]
[EventRounds "9"]
[WhiteTeam "Norresundby"]
[BlackTeam "Nordre"]
[WhiteTeamCountry "DEN"]
[BlackTeamCountry "DEN"]

1. f4 c5 2. Nf3 Nc6 3. e3 g6 4. Be2 Bg7 5. O-O d6 6. d4 cxd4 7. exd4 Nf6 8. c3
e6 9. Na3 O-O 10. Nc4 Ne7 11. a4 b6 12. a5 b5 13. Ne3 Rb8 14. Ng5 Ned5 15. Nxd5
Nxd5 16. Bf3 Bb7 17. Ne4 Qd7 18. Qe1 Nf6 19. Bd2 Nxe4 20. Bxe4 b4 21. Bxb7 Qxb7
22. Qe2 Qd5 23. Rfd1 bxc3 24. Bxc3 Rb5 25. a6 Rc8 26. Ra4 h5 27. g3 Bf6 28. Qg2
Qxg2+ 29. Kxg2 Kf8 30. Kf3 Ke7 31. Ke3 Kd7 32. Rda1 Bd8 33. Kd3 Rcb8 34. h3 Bc7
35. Ke3 d5 36. h4 Ke7 37. Kf3 Kf6 38. g4 hxg4+ 39. Kxg4 Bd6 40. Ra5 Bb4 41.
Rxb5 Rxb5 42. Ra4 Bd6 43. Ra2 Rb3 44. Ra4 Ke7 45. Ra1 Bb4 46. h5 gxh5+ 47. Kxh5
Kf6 48. Kg4 Bxc3 49. bxc3 Rxc3 50. f5 exf5+ 51. Kf4 Rc4 52. Rd1 Ra4 53. Rd2
Rxa6 54. Rh2 Re6 55. Rh6+ Ke7 56. Rh3 Kf6 57. Rh6+ Kg7 58. Rh3 Kg6 59. Ra3 Re4+
60. Kf3 Rxd4 61. Rxa7 Kf6 62. Ra8 f4 63. Kg4 Re4 64. Rd8 Ke5 65. Re8+ Kd4 66.
Rf8 Ke3 67. Rxf7 d4 0-1

[Event "XtraCon-Skakligaen"]
[Site "Denmark"]
[Date "2010.11.06"]
[Round "1.4"]
[White "Nielsen, Poul Erik"]
[Black "Willumsen, Henrik"]
[Result "0-1"]
[WhiteElo "2243"]
[BlackElo "2173"]
[PlyCount "84"]
[EventDate "2010.11.06"]
[EventType "team-tourn"]
[EventRounds "9"]
[WhiteTeam "Nordre"]
[BlackTeam "Norresundby"]
[WhiteTeamCountry "DEN"]
[BlackTeamCountry "DEN"]

1. c4 e5 2. g3 Nc6 3. Bg2 Nf6 4. d3 Bc5 5. Nc3 d6 6. e3 Bg4 7. Nge2 Qd7 8. h3
Be6 9. Nd5 Bxd5 10. cxd5 Nb4 11. Nc3 Qf5 12. Ne4 Nxe4 13. Bxe4 Qd7 14. a3 Na6
15. b4 f5 16. Bg2 Bb6 17. Bd2 O-O 18. O-O Rac8 19. Qb3 Kh8 20. Rac1 g5 21. Rc4
f4 22. Qd1 Rf6 23. exf4 gxf4 24. Kh2 Rg8 25. gxf4 Rfg6 26. Bf3 Rh6 27. f5 Rf6
28. Bg4 h5 29. Bxh5 Qxf5 30. Bg4 Qxd3 31. Bg5 Qxc4 32. Bxf6+ Kh7 33. f4 Be3 34.
Bf5+ Kh6 35. Bxe5 Bxf4+ 36. Kh1 dxe5 37. Qe1 Rg3 38. Rg1 Qxd5+ 39. Be4 Rxh3+
40. Kg2 Rh2+ 41. Kf3 Qb3+ 42. Kg4 Qh3# 0-1

[Event "XtraCon-Skakligaen"]
[Site "Denmark"]
[Date "2010.11.06"]
[Round "1.5"]
[White "Pedersen, Svend"]
[Black "Christensen, Jan Schleicher"]
[Result "1-0"]
[WhiteElo "2214"]
[BlackElo "2229"]
[PlyCount "61"]
[EventDate "2010.11.06"]
[EventType "team-tourn"]
[EventRounds "9"]
[WhiteTeam "Norresundby"]
[BlackTeam "Nordre"]
[WhiteTeamCountry "DEN"]
[BlackTeamCountry "DEN"]

1. e4 e5 2. Nc3 Bc5 3. Bc4 Nc6 4. Qg4 Nd4 5. Qxg7 Qf6 6. Qxf6 Nxf6 7. Bd3 Rg8
8. g3 b5 9. Nd5 Nxd5 10. exd5 Bb7 11. c3 Ne6 12. f3 Bxd5 13. Bxb5 e4 14. d4
exf3 15. Kf2 Nxd4 16. cxd4 Bxd4+ 17. Be3 Bxe3+ 18. Kxe3 Rb8 19. Bd3 Kd8 20. b3
Re8+ 21. Kf2 a5 22. Nxf3 a4 23. Rab1 a3 24. Rhe1 Rxe1 25. Rxe1 h6 26. Nd2 Rb6
27. Re5 Rd6 28. Ke3 f6 29. Rh5 Re6+ 30. Kd4 Bg2 31. Be4 1-0

[Event "XtraCon-Skakligaen"]
[Site "Denmark"]
[Date "2010.11.06"]
[Round "1.6"]
[White "Hoiberg, Nina"]
[Black "Nielsen, John Bauneborg"]
[Result "1/2-1/2"]
[WhiteElo "2198"]
[BlackElo "2148"]
[PlyCount "40"]
[EventDate "2010.11.06"]
[EventType "team-tourn"]
[EventRounds "9"]
[WhiteTeam "Nordre"]
[BlackTeam "Norresundby"]
[WhiteTeamCountry "DEN"]
[BlackTeamCountry "DEN"]

1. e4 c5 2. Nf3 Nc6 3. d4 cxd4 4. Nxd4 e5 5. Nb3 Nf6 6. Nc3 Bb4 7. Bd3 d5 8.
exd5 Qxd5 9. O-O Bxc3 10. bxc3 O-O 11. c4 Qe6 12. Nc5 Qe7 13. Ba3 Re8 14. Qc1
Qc7 15. Re1 b6 16. Ne4 Nxe4 17. Bxe4 Be6 18. Re3 Rad8 19. Qe1 Na5 20. Bd3 Nxc4
1/2-1/2

[Event "XtraCon-Skakligaen"]
[Site "Denmark"]
[Date "2010.11.06"]
[Round "1.7"]
[White "Kaysfeld, Henrik"]
[Black "Holst, Per"]
[Result "1/2-1/2"]
[WhiteElo "2189"]
[BlackElo "2129"]
[PlyCount "82"]
[EventDate "2010.11.06"]
[EventType "team-tourn"]
[EventRounds "9"]
[WhiteTeam "Norresundby"]
[BlackTeam "Nordre"]
[WhiteTeamCountry "DEN"]
[BlackTeamCountry "DEN"]

1. e4 e6 2. d4 d5 3. Nc3 Bb4 4. e5 Qd7 5. Bd2 b6 6. Nf3 Ne7 7. a3 Bxc3 8. Bxc3
c5 9. Qd2 Ba6 10. Bxa6 Nxa6 11. O-O Nf5 12. Qe2 cxd4 13. Nxd4 Nxd4 14. Bxd4 Nc5
15. b4 Na4 16. Rad1 Rc8 17. Rd3 Rc4 18. c3 Kd8 19. Rg3 g6 20. Rf3 Kc8 21. Qd2
h5 22. Re1 Kb8 23. Rf6 Rhc8 24. Re3 Qc7 25. Rff3 Nc5 26. bxc5 bxc5 27. Bxc5
Rxc5 28. h3 Ka8 29. g3 Qb7 30. Rf4 Rc4 31. Ref3 R8c7 32. Rxc4 Rxc4 33. Rf4 Qc7
34. Rxc4 Qxc4 35. Qb2 a5 36. f4 Ka7 37. Kf2 h4 38. Qd2 hxg3+ 39. Kxg3 Qf1 40.
Qd4+ Kb7 41. Qc5 Qd3+ 1/2-1/2

[Event "XtraCon-Skakligaen"]
[Site "Denmark"]
[Date "2010.11.06"]
[Round "1.1"]
[White "Nilsson, Sebastian"]
[Black "Danielsen, Henrik"]
[Result "0-1"]
[WhiteElo "2344"]
[BlackElo "2516"]
[PlyCount "164"]
[EventDate "2010.11.06"]
[EventType "team-tourn"]
[EventRounds "9"]
[WhiteTeam "K41"]
[BlackTeam "BMS"]
[WhiteTeamCountry "DEN"]
[BlackTeamCountry "DEN"]

1. e4 c6 2. d4 d5 3. Nc3 dxe4 4. Nxe4 Bf5 5. Ng3 Bg6 6. h4 h6 7. Nf3 Nd7 8. h5
Bh7 9. Bd3 Bxd3 10. Qxd3 e6 11. Bf4 Qa5+ 12. Bd2 Qc7 13. O-O-O Ngf6 14. Ne4
O-O-O 15. g3 Nxe4 16. Qxe4 Bd6 17. c4 c5 18. d5 Nf6 19. Qc2 exd5 20. cxd5 Qd7
21. Bc3 Rhe8 22. Bxf6 gxf6 23. Kb1 Qg4 24. Nd4 Re5 25. Nb5 Qd7 26. a4 Kb8 27.
Qd2 a6 28. Nc3 c4 29. Rh4 Rc8 30. Qxh6 Bb4 31. Qd2 Bxc3 32. Qxc3 Qxa4 33. Qc2
Qb5 34. d6 Rxh5 35. d7 Rd8 36. Qxc4 Rxd7 37. Rxd7 Qxd7 38. Rxh5 Qd1+ 39. Ka2
Qxh5 40. g4 Qa5+ 41. Kb3 Qb6+ 42. Ka3 Qxf2 43. Qxf7 Qd4 44. Ka2 Ka7 45. Qe7 Kb6
46. Qe6+ Ka7 47. Qf5 Qd8 48. Kb3 Qe7 49. Kc4 Qe2+ 50. Kc3 Qe1+ 51. Kc2 Qe7 52.
Kd3 Kb6 53. Qe4 Qd6+ 54. Ke3 Kc7 55. b4 Qb6+ 56. Ke2 Qc6 57. Qe7+ Kb6 58. Ke3
Kb5 59. Kf4 Qc1+ 60. Kg3 Qc3+ 61. Kh4 Qf3 62. Qd6 Ka4 63. Qd4 Kb3 64. Qd6 Qh1+
65. Kg3 Qe1+ 66. Kh3 Qc3+ 67. Kh4 Qf3 68. Qe7 Ka4 69. Qd6 Qh1+ 70. Kg3 Qc6 71.
Qe7 b5 72. Kh4 Qh1+ 73. Kg3 Qg1+ 74. Kh3 Qf1+ 75. Kh4 Qf4 76. Kh3 f5 77. g5
Qg4+ 78. Kh2 f4 79. Qe4 Qh4+ 80. Kg1 Qxg5+ 81. Kf1 Qf6 82. Qb1 Qd6 0-1

[Event "XtraCon-Skakligaen"]
[Site "Denmark"]
[Date "2010.11.06"]
[Round "1.2"]
[White "Mikkelsen, Nikolaj"]
[Black "Bejtovic, Jasmin"]
[Result "1-0"]
[WhiteElo "2416"]
[BlackElo "2405"]
[PlyCount "99"]
[EventDate "2010.11.06"]
[EventType "team-tourn"]
[EventRounds "9"]
[WhiteTeam "BMS"]
[BlackTeam "K41"]
[WhiteTeamCountry "DEN"]
[BlackTeamCountry "DEN"]

1. e4 c5 2. Nf3 Nc6 3. Bb5 g6 4. Bxc6 dxc6 5. d3 Bg7 6. h3 Nf6 7. Nc3 Nd7 8.
Be3 e5 9. Qd2 Qe7 10. Bh6 Bxh6 11. Qxh6 f6 12. Nh2 Nf8 13. f4 exf4 14. Qxf4 Ne6
15. Qf2 Nd4 16. O-O O-O 17. Nf3 Qd6 18. Nxd4 cxd4 19. Ne2 c5 20. Qf4 Qxf4 21.
Nxf4 Bd7 22. Rab1 Rae8 23. Rfe1 Re5 24. b4 Bc6 25. bxc5 Rf7 26. Ne2 Rd7 27. Rb4
Rxc5 28. Rc1 Ra5 29. Nxd4 Rxa2 30. Nxc6 bxc6 31. Rc4 a5 32. Rb1 Ra7 33. Rxc6 a4
34. Kf2 Kf7 35. Ke3 Ke7 36. Kd2 Kf7 37. Rf1 a3 38. Rb1 Ra8 39. Rc7+ Kg8 40. Kc3
f5 41. e5 f4 42. d4 f3 43. gxf3 Rf8 44. Kb3 Rb2+ 45. Rxb2 Rxf3+ 46. Rc3 axb2
47. Kxb2 Rf2 48. d5 g5 49. e6 Rd2 50. Rc8+ 1-0

[Event "XtraCon-Skakligaen"]
[Site "Denmark"]
[Date "2010.11.06"]
[Round "1.3"]
[White "Nilssen, John Arni"]
[Black "Kristiansen, Jens"]
[Result "1-0"]
[WhiteElo "2364"]
[BlackElo "2421"]
[PlyCount "125"]
[EventDate "2010.11.06"]
[EventType "team-tourn"]
[EventRounds "9"]
[WhiteTeam "K41"]
[BlackTeam "BMS"]
[WhiteTeamCountry "DEN"]
[BlackTeamCountry "DEN"]

1. d4 f5 2. Nc3 Nf6 3. Bg5 d5 4. Qd2 e6 5. f3 c5 6. e3 Nc6 7. Nge2 Be7 8. O-O-O
O-O 9. Kb1 a6 10. h3 b5 11. dxc5 Bxc5 12. Nd4 Ne5 13. Nb3 Be7 14. e4 fxe4 15.
fxe4 b4 16. Bxf6 Bxf6 17. Na4 dxe4 18. Qe1 Qe7 19. Nbc5 Bb7 20. Nxb7 Qxb7 21.
Nc5 Qc6 22. Nxe4 Be7 23. Bd3 Rf4 24. Qe3 Raf8 25. Rhe1 Nxd3 26. cxd3 a5 27. Qa7
Bd8 28. Qc5 Qd5 29. Qc4 h6 30. Re2 Bb6 31. Qxd5 exd5 32. Nd2 Rf2 33. Rde1 Be3
34. Nf3 Rxe2 35. Rxe2 Re8 36. Nd4 Kf8 37. Nf5 d4 38. Nxe3 dxe3 39. Kc2 a4 40.
d4 Rc8+ 41. Kd3 a3 42. b3 Rc3+ 43. Ke4 Kf7 44. d5 Kf6 45. g3 h5 46. Kd4 Rc8 47.
h4 Rc1 48. Kxe3 Rc3+ 49. Kd4 Rxg3 50. Kc5 Rd3 51. Rg2 Rd1 52. d6 g6 53. Kc6
Rc1+ 54. Kd5 Rb1 55. Rf2+ Kg7 56. d7 Rd1+ 57. Kc6 Rc1+ 58. Kb7 Rd1 59. Kc7 Rc1+
60. Kd8 Rb1 61. Rc2 Rb2 62. Rc7 Rxa2 63. Kc8 1-0

[Event "XtraCon-Skakligaen"]
[Site "Denmark"]
[Date "2010.11.06"]
[Round "1.4"]
[White "Brinck Claussen, Bjorn"]
[Black "Greger, Roland Reinhard"]
[Result "1/2-1/2"]
[WhiteElo "2262"]
[BlackElo "2389"]
[PlyCount "49"]
[EventDate "2010.11.06"]
[EventType "team-tourn"]
[EventRounds "9"]
[WhiteTeam "BMS"]
[BlackTeam "K41"]
[WhiteTeamCountry "DEN"]
[BlackTeamCountry "DEN"]

1. e4 e6 2. d4 d5 3. Nd2 Nf6 4. e5 Nfd7 5. c3 c5 6. Bd3 Nc6 7. Ne2 cxd4 8. cxd4
f6 9. exf6 Nxf6 10. O-O Bd6 11. Nf3 Qc7 12. Bg5 O-O 13. Rc1 Ne4 14. Be3 Nf6 15.
Ng3 g6 16. Bh6 Rf7 17. Ng5 Re7 18. Qf3 Bf4 19. Nxe6 Rxe6 20. Bxf4 Qb6 21. Be5
Nxe5 22. dxe5 Rxe5 23. Qf4 Re7 24. Rc2 Bd7 25. Qc7 1/2-1/2

[Event "XtraCon-Skakligaen"]
[Site "Denmark"]
[Date "2010.11.06"]
[Round "1.5"]
[White "Hagen, Andreas Skytte"]
[Black "Nielsen, Thomas Bach"]
[Result "1-0"]
[WhiteElo "2290"]
[BlackElo "2227"]
[PlyCount "207"]
[EventDate "2010.11.06"]
[EventType "team-tourn"]
[EventRounds "9"]
[WhiteTeam "K41"]
[BlackTeam "BMS"]
[WhiteTeamCountry "DEN"]
[BlackTeamCountry "DEN"]

1. c4 f5 2. g3 Nf6 3. Bg2 g6 4. Nc3 Bg7 5. d3 O-O 6. e4 fxe4 7. dxe4 e5 8. Nge2
d6 9. O-O Nc6 10. h3 Be6 11. Nd5 Qd7 12. Kh2 Rf7 13. Be3 b6 14. Qd2 Raf8 15. b4
Ne7 16. Rac1 c5 17. Nxe7+ Qxe7 18. b5 Rd8 19. a4 Rff8 20. Qd3 Qf7 21. f3 h6 22.
f4 Qe7 23. f5 Bf7 24. g4 gxf5 25. gxf5 Nh5 26. Bf3 Kh7 27. Rg1 Rg8 28. Qd2 Nf6
29. Rg2 Bf8 30. Rxg8 Nxg8 31. Ng3 Qh4 32. Bf2 Be7 33. Nh5 Qg5 34. Qxg5 Bxg5 35.
Rc2 Nf6 36. Nxf6+ Bxf6 37. h4 Kg7 38. Be2 Kf8 39. a5 Rd7 40. Ra2 Rb7 41. Kg3
Ke7 42. Be3 Bg7 43. Ra1 Kf6 44. Bd2 Ke7 45. Bc3 Kf6 46. Kh3 Bf8 47. Bd2 Bg7 48.
Kg4 Bf8 49. Kg3 Bg7 50. Rb1 Rd7 51. Rc1 Rb7 52. Rd1 Rd7 53. Kg4 Bf8 54. Ra1 Rb7
55. Rf1 Bg8 56. Ra1 Bf7 57. Kh3 Bg7 58. Rg1 Rb8 59. Ra1 Rb7 60. Be1 Bf8 61. Ra3
Ke7 62. Ra4 Bg7 63. Ra2 Bf6 64. Ra3 Bg7 65. Bd2 Kf6 66. Rd3 Rd7 67. Rf3 Bf8 68.
Kg4 Bg8 69. Kh3 Bf7 70. Rg3 Rb7 71. Ra3 Bg7 72. Be1 Ke7 73. axb6 axb6 74. Ra8
Bf6 75. Bd2 Bg7 76. Kg4 Kf6 77. Kf3 Ke7 78. Ke3 Bf6 79. Be1 Bg7 80. Kd3 Bf6 81.
Bf2 Bg7 82. Be3 Kf6 83. Bg4 Ke7 84. f6+ Kxf6 85. Bc8 Rc7 86. Rb8 Bg6 87. Ba6
Rd7 88. Rxb6 Kf7 89. Bb7 Bf6 90. Bc6 Rd8 91. Rb7+ Kg8 92. Bd5+ Kh8 93. Ra7 Bxh4
94. Bxh6 Bf6 95. Rc7 Rb8 96. Rd7 Rd8 97. Bg7+ Kh7 98. Bxf6+ Rxd7 99. b6 Bf7
100. Bc6 Kg6 101. Bxd7 Kxf6 102. b7 Ke7 103. Bf5 Kd8 104. b8=Q+ 1-0

[Event "XtraCon-Skakligaen"]
[Site "Denmark"]
[Date "2010.11.06"]
[Round "1.6"]
[White "Brondt, Nicolai Kvist"]
[Black "Schmidt, Kristen"]
[Result "0-1"]
[WhiteElo "2161"]
[BlackElo "2280"]
[PlyCount "54"]
[EventDate "2010.11.06"]
[EventType "team-tourn"]
[EventRounds "9"]
[WhiteTeam "BMS"]
[BlackTeam "K41"]
[WhiteTeamCountry "DEN"]
[BlackTeamCountry "DEN"]

1. Nf3 c5 2. c4 Nc6 3. Nc3 g6 4. g3 Bg7 5. Bg2 d6 6. O-O a6 7. e3 Nf6 8. d4 O-O
9. b3 Rb8 10. Bb2 b5 11. Nd2 Bg4 12. f3 cxd4 13. fxg4 dxc3 14. Bxc3 Qb6 15. Qe2
Nd7 16. Bxg7 Kxg7 17. cxb5 axb5 18. Nf3 Nde5 19. Nxe5 Nxe5 20. a4 bxa4 21. bxa4
Qa5 22. Rfd1 Rfc8 23. Rd5 Qc3 24. Ra2 Rb1+ 25. Bf1 Re1 26. Qf2 Nxg4 27. Qb2
Rxf1+ 0-1

[Event "XtraCon-Skakligaen"]
[Site "Denmark"]
[Date "2010.11.06"]
[Round "1.7"]
[White "Christensen, Bo Garner"]
[Black "Akdag, Dara Sevkan"]
[Result "1-0"]
[WhiteElo "2254"]
[BlackElo "2174"]
[PlyCount "41"]
[EventDate "2010.11.06"]
[EventType "team-tourn"]
[EventRounds "9"]
[WhiteTeam "K41"]
[BlackTeam "BMS"]
[WhiteTeamCountry "DEN"]
[BlackTeamCountry "DEN"]

1. e4 c5 2. Nf3 d6 3. d4 cxd4 4. Qxd4 Nc6 5. Bb5 Bd7 6. Bxc6 bxc6 7. Bg5 Qb6 8.
Nc3 Qxd4 9. Nxd4 h6 10. Bh4 Rb8 11. O-O-O e5 12. Nf3 g5 13. Bg3 Nf6 14. Nxe5
Nh5 15. Nxd7 Kxd7 16. Bxd6 Bxd6 17. e5 Nf4 18. Rxd6+ Kc7 19. Rf6 Rbf8 20. Rd1
Ne6 21. Ne4 1-0

[Event "XtraCon-Skakligaen"]
[Site "Denmark"]
[Date "2010.11.06"]
[Round "1.8"]
[White "Rostgaard, Tobias Valentin"]
[Black "Naes, Flovin Tor"]
[Result "0-1"]
[WhiteElo "2126"]
[BlackElo "2231"]
[PlyCount "64"]
[EventDate "2010.11.06"]
[EventType "team-tourn"]
[EventRounds "9"]
[WhiteTeam "BMS"]
[BlackTeam "K41"]
[WhiteTeamCountry "DEN"]
[BlackTeamCountry "DEN"]

1. d4 Nf6 2. c4 g6 3. g3 Bg7 4. Bg2 d5 5. cxd5 Nxd5 6. Nf3 O-O 7. O-O Nb6 8. e3
c6 9. Nc3 N8d7 10. Qe2 e5 11. Rd1 Qe7 12. e4 exd4 13. Nxd4 Ne5 14. Bd2 Rd8 15.
Be1 Bg4 16. f3 Rxd4 17. fxg4 Rad8 18. Rxd4 Rxd4 19. Bf2 Rd3 20. Be3 Nbc4 21.
Bf4 Qc5+ 22. Kh1 Nxb2 23. Qxb2 Nxg4 24. Rf1 Rxc3 25. Qe2 h5 26. Bd2 Rc2 27. h3
Ne5 28. Qd1 Rxa2 29. Bf4 Qc2 30. Qd8+ Kh7 31. Rg1 Nf3 32. Bxf3 Qh2# 0-1